000 00210 a2200109 4500
020 _a847223147x
041 _aspa
100 _aKinsey Millhone
245 _aSue Grafton de rebelde
942 _cBK
952 _71
999 _c19539
_d19539